Welcome to CU Library Online Public Access Catalogue (OPAC)

Till the heart sings : (Record no. 6711)

MARC details
000 -LEADER
fixed length control field 00979cam a2200265 a 4500
001 - CONTROL NUMBER
control field 13718751
005 - DATE AND TIME OF LATEST TRANSACTION
control field 20250626115626.0
008 - FIXED-LENGTH DATA ELEMENTS--GENERAL INFORMATION
fixed length control field 040914r20041985miu b 001 0 eng
020 ## - INTERNATIONAL STANDARD BOOK NUMBER
International Standard Book Number 0802822371
050 00 - LIBRARY OF CONGRESS CALL NUMBER
Classification number BS680.S5
Item number T46 2004
082 00 - DEWEY DECIMAL CLASSIFICATION NUMBER
Classification number 233
Edition information 22
100 1# - MAIN ENTRY--PERSONAL NAME
Personal name Terrien, Samuel L.,
Dates associated with a name 1911-
245 10 - TITLE STATEMENT
Title Till the heart sings :
Remainder of title a biblical theology of manhood and womanhood /
Statement of responsibility, etc. Samuel Terrien.
260 ## - PUBLICATION, DISTRIBUTION, ETC.
Place of publication, distribution, etc. Grand Rapids, Mich. :
Name of publisher, distributor, etc. W.B. Eerdmans Pub. Co. ;
Place of publication, distribution, etc. Dearborn, Mich. :
Name of publisher, distributor, etc. Dove Booksellers,
Date of publication, distribution, etc. 2004.
300 ## - PHYSICAL DESCRIPTION
Extent xxiv, 260 p. ;
Dimensions 24 cm.
440 #4 - SERIES STATEMENT/ADDED ENTRY--TITLE
Title The biblical resource series
500 ## - GENERAL NOTE
General note Originally published: Philadelphia : Fortress Press, c1985, with a new foreword.
650 #0 - SUBJECT ADDED ENTRY--TOPICAL TERM
Topical term or geographic name entry element Sex
General subdivision Biblical teaching.
650 #0 - SUBJECT ADDED ENTRY--TOPICAL TERM
Topical term or geographic name entry element Sex
General subdivision Religious aspects
-- Christianity.
650 #0 - SUBJECT ADDED ENTRY--TOPICAL TERM
Topical term or geographic name entry element Men
General subdivision Biblical teaching.
650 #0 - SUBJECT ADDED ENTRY--TOPICAL TERM
Topical term or geographic name entry element Women
General subdivision Biblical teaching.
650 #0 - SUBJECT ADDED ENTRY--TOPICAL TERM
Topical term or geographic name entry element Men (Christian theology)
650 #0 - SUBJECT ADDED ENTRY--TOPICAL TERM
Topical term or geographic name entry element Women
General subdivision Religious aspects
-- Christianity.
942 ## - ADDED ENTRY ELEMENTS (KOHA)
Source of classification or shelving scheme Library of Congress Classification
Koha item type Books
Suppress in OPAC No
999 ## -
-- 6711
-- 6711
Holdings
Withdrawn status Lost status Source of classification or shelving scheme Damaged status Not for loan Collection Home library Current library Shelving location Date acquired Total checkouts Full call number Barcode Date last seen Copy number Price effective from Koha item type
    Library of Congress Classification     Non-fiction Undergraduate Library (Christ Temple) Undergraduate Library (Christ Temple) General stacks 06/26/2025   BS680.S5 TER ulct00003539 06/26/2025 1 06/26/2025 Books
    Library of Congress Classification     Non-fiction Undergraduate Library (Christ Temple) Undergraduate Library (Christ Temple) General stacks 06/26/2025   BS680.S5 TER ulct00003540 06/26/2025 2 06/26/2025 Books
© 2023-2024 Copyright: Central University Libraries. All Rights Reserved | Created by: Mahone Tech Office